Statistics for All car brands what starts letter A

Click here to take the quiz!

General Stats

  • This quiz has been taken 27 times
  • The average score is 6 of 23

Answer Stats

Marki Samochodów% Correct
Audi
81%
Alfa Romeo
74%
Aston Martin
59%
AC
48%
Abarth
44%
Acura
44%
Alpine
33%
AMC
33%
Austin
22%
Alpina
19%
Ariel
15%
Ascari
15%
Austin Healey
15%
AMG
11%
Apollo
11%
Autobianchi
11%
ARO
7%
Auto Union
7%
AC Schnitzer
4%
Adler
4%
Aixam
4%
AM General
4%
Austro Daimler
4%

Score Distribution

Percentile by Number Answered

Percent of People with Each Score

Your Score History

You have not taken this quiz